[Event "NCL978 Midland Ms-Slough"]
[Site "Rd5"]
[Date "1998.01.24"]
[Round "5.2"]
[White "Miles, Anthony"]
[Black "Parker, Jonathan"]
[Result "1/2-1/2"]
[WhiteElo "2595"]
[BlackElo "2515"]
[PlyCount "125"]
[EventDate "1998.01.24"]
[Source "4NCL"]
[SourceDate "1998.01.01"]

1. c4 e6 2. g3 Nf6 3. Bg2 d5 4. Nf3 Be7 5. O-O O-O 6. b3 b6 7. Bb2 Bb7 8. e3
Nbd7 9. d3 c5 10. Qe2 a6 11. Nbd2 Qc7 12. e4 dxe4 13. dxe4 e5 14. Rae1 Rfe8 15.
Qd1 Rad8 16. Qa1 Bf8 17. Re2 g6 18. Rfe1 b5 19. Nf1 bxc4 20. bxc4 Bg7 21. N1d2
Re7 22. Nb1 Ne8 23. Nc3 Nd6 24. Nd2 Nb6 25. Nd5 Bxd5 26. cxd5 Nb5 27. Rc1 Nd4
28. Ree1 Na4 29. Nb3 Nxb2 30. Qxb2 Qb6 31. Qa3 Nxb3 32. axb3 Rc7 33. Bf1 a5 34.
Rc4 Bf8 35. Qa2 Rb8 36. Rb1 Ra7 37. Ra4 Qc7 38. Ra1 Rb4 39. Bc4 Rxa4 40. Qxa4
Bd6 41. Kg2 Kf8 42. h4 h5 43. Qa2 Qd8 44. Qd2 Kg7 45. Ra4 Kg8 46. Qh6 Rb7 47.
Qd2 Ra7 48. Ra2 Qc7 49. Qc3 Ra8 50. Bb5 Qd8 51. Bc6 Rb8 52. Qxa5 Qxa5 53. Rxa5
Rxb3 54. Ra7 c4 55. Rd7 c3 56. Ba4 Ra3 57. Bc2 Ra6 58. Rd8+ Kg7 59. Rc8 Bb4 60.
Rc4 Rb6 61. Kf3 Ba5 62. Rc5 Rf6+ 63. Ke2 1/2-1/2

[Event "NCL978 Midland Ms-Slough"]
[Site "Rd5"]
[Date "1998.01.24"]
[Round "5.3"]
[White "Rowson, Jonathan"]
[Black "Conquest, Stuart"]
[Result "1/2-1/2"]
[WhiteElo "2485"]
[BlackElo "2470"]
[PlyCount "112"]
[EventDate "1998.01.24"]
[Source "4NCL"]
[SourceDate "1998.01.01"]

1. e4 c6 2. d4 d5 3. Nd2 dxe4 4. Nxe4 Nf6 5. Nxf6+ exf6 6. c3 Bd6 7. Bd3 Qc7 8.
Ne2 Bg4 9. Be3 Nd7 10. Qd2 Bxe2 11. Qxe2 O-O-O 12. Bf5 g6 13. Bxd7+ Rxd7 14.
Qf3 f5 15. O-O-O Qa5 16. Kb1 Qd5 17. Qxd5 cxd5 18. Kc2 Rc7 19. Kd3 Kd7 20. Rde1
Re8 21. Bd2 Re4 {(Draw offer)} 22. f3 Re6 23. a4 Rc6 24. b3 Rxe1 25. Rxe1 Rb6
26. Kc2 h5 27. h3 Bg3 28. Rb1 Ra6 29. Kd3 Kc7 30. Be1 Bf4 31. Rb2 Rb6 32. Bd2
Bg3 33. a5 Rb5 34. b4 a6 35. Bg5 b6 36. Re2 bxa5 37. bxa5 Bd6 38. Ra2 {
(Draw offer)} Kc6 39. Bd2 Bc7 40. c4 Rb3+ 41. Bc3 h4 42. Ra1 g5 43. Ra2 Bd6 44.
c5 Bc7 45. Kc2 Rb8 46. Ra1 Bg3 47. Kd3 Rb7 48. Bd2 f6 49. Bc3 Re7 50. Rb1 Bc7
51. Re1 {(Draw offer)} Rxe1 52. Bxe1 Kb5 53. Bd2 Ka4 54. Be1 Kb5 55. Bd2 Bg3
56. Bc3 Kc6 1/2-1/2

[Event "NCL978 Midland Ms-Slough"]
[Site "Rd5"]
[Date "1998.01.24"]
[Round "5.4"]
[White "Kosten, Anthony"]
[Black "Ferguson, Mark"]
[Result "0-1"]
[WhiteElo "2535"]
[BlackElo "2410"]
[PlyCount "80"]
[EventDate "1998.01.24"]
[Source "4NCL"]
[SourceDate "1998.01.01"]

1. c4 e5 2. Nc3 Nf6 3. Nf3 Nc6 4. g3 d5 5. cxd5 Nxd5 6. Bg2 Nb6 7. O-O Be7 8.
b3 O-O 9. Bb2 Re8 10. Rc1 Bf8 11. d3 Bg4 12. h3 Bh5 13. Ne4 Nd7 14. Qc2 Rc8 15.
Ned2 Nb4 16. Qb1 c5 17. g4 Bg6 18. Qa1 Nd5 19. Bxe5 Nxe5 20. Nxe5 Nf4 21. Rce1
Bd6 22. Ndc4 Bb8 23. Nxg6 hxg6 24. e3 Nxd3 25. Rd1 b5 26. Nd2 Be5 27. Qb1 Nb2
28. Ne4 Nxd1 29. Rxd1 Qe7 30. f4 Bb8 31. Re1 c4 32. bxc4 Rxc4 33. Rd1 Bc7 34.
Qxb5 Rxe4 35. Rd7 Qa3 36. Rxc7 Qxe3+ 37. Kh1 Rxf4 38. Rc2 Kh7 39. Kh2 Rf6 40.
Qb1 Qf4+ 0-1

[Event "NCL978 Midland Ms-Slough"]
[Site "Rd5"]
[Date "1998.01.24"]
[Round "5.5"]
[White "Arkell, Keith"]
[Black "Summerscale, Aaron"]
[Result "1/2-1/2"]
[WhiteElo "2455"]
[BlackElo "2440"]
[PlyCount "68"]
[EventDate "1998.01.24"]
[Source "4NCL"]
[SourceDate "1998.01.01"]

1. d4 d5 2. c4 c6 3. Nf3 Nf6 4. Nc3 dxc4 5. a4 Bf5 6. Nh4 Bc8 7. e3 e5 8. Bxc4
exd4 9. exd4 Be7 10. O-O O-O 11. Bg5 Na6 12. Re1 Nc7 13. Qd3 Nfd5 14. Bxe7 Nxe7
15. Nf3 Bf5 16. Qe3 Be6 17. Bxe6 Nxe6 18. Ng5 Nxg5 19. Qxe7 Rb8 20. Rad1 Ne6
21. Qb4 a5 22. Qb3 Nc7 23. d5 cxd5 24. Nxd5 Nxd5 25. Rxd5 Qc7 26. Qb5 b6 27.
Rd7 Qc5 28. g3 Qxb5 29. axb5 Rbd8 30. Ree7 Rxd7 31. Rxd7 g6 32. Rd6 a4 33. Rd4
Ra8 34. Rd6 Rc8 1/2-1/2

[Event "NCL978 Midland Ms-Slough"]
[Site "Rd5"]
[Date "1998.01.24"]
[Round "5.6"]
[White "Lalic, Susan"]
[Black "Webster, Andrew"]
[Result "1/2-1/2"]
[WhiteElo "2370"]
[BlackElo "2420"]
[PlyCount "85"]
[EventDate "1998.01.24"]
[Source "4NCL"]
[SourceDate "1998.01.01"]

1. e4 g6 2. d4 Bg7 3. Nc3 c6 4. Nf3 d5 5. h3 Nf6 6. Bd3 dxe4 7. Nxe4 Nxe4 8.
Bxe4 Nd7 9. O-O O-O 10. Bg5 Qc7 11. Re1 e5 12. dxe5 Nxe5 13. Bf4 Rd8 14. Bd3
Nxf3+ 15. Qxf3 Qb6 16. Bg5 Be6 17. Bxd8 Rxd8 18. a4 Bxb2 19. Rab1 Qb4 20. Qe3
c5 21. Qg5 Rf8 22. Re4 c4 23. Rh4 Bf6 24. Rxb4 Bxg5 25. Rhxc4 Bxc4 26. Bxc4 b6
27. Bb3 Rd8 28. a5 Be7 29. Re4 Rd1+ 30. Kh2 Bd6+ 31. g3 bxa5 32. Kg2 Kg7 33. h4
Rd2 34. g4 f5 35. gxf5 gxf5 36. Rc4 Kf6 37. Kf3 Ke5 38. Rc8 Rd4 39. Re8+ Kf6
40. Re6+ Kg7 41. h5 a4 42. Bxa4 Rxa4 43. Rxd6 1/2-1/2

[Event "NCL978 Midland Ms-Slough"]
[Site "Rd5"]
[Date "1998.01.24"]
[Round "5.8"]
[White "Smith, Andrew P"]
[Black "Hunt, Harriet"]
[Result "1-0"]
[WhiteElo "2280"]
[BlackElo "2390"]
[PlyCount "119"]
[EventDate "1998.01.24"]
[Source "4NCL"]
[SourceDate "1998.01.01"]

1. e4 d5 2. exd5 Qxd5 3. Nc3 Qa5 4. Nf3 Nf6 5. Bc4 c6 6. d3 Bf5 7. Bf4 e6 8.
O-O Nbd7 9. Qe2 Be7 10. Nd4 O-O 11. Nxf5 Qxf5 12. Bd2 Nb6 13. Bb3 Rfd8 14. Ne4
Nbd5 15. Kh1 Qe5 16. Rab1 Nxe4 17. dxe4 Nf6 18. f3 a5 19. Bc3 Qc5 20. a4 b5 21.
f4 bxa4 22. Bxa4 Nd7 23. Bb3 a4 24. Ba2 a3 25. Bb3 axb2 26. Bxb2 Qa7 27. f5 e5
28. Qc4 Rf8 29. Qxc6 Rac8 30. Qd5 Rc5 31. Qd3 Rc7 32. Ra1 Qb8 33. Qd5 Nb6 34.
Qb5 Rc5 35. Qa6 Rc6 36. Qa7 Qe8 37. Qb7 Bc5 38. Bxe5 Qxe5 39. Qxc6 Bd6 40. g3
Rc8 41. Qb7 Rc7 42. Ra8+ Nxa8 43. Qxa8+ Bf8 44. Qd5 Qe7 45. Rd1 h6 46. Kg2 Rc5
47. Qd4 Kh7 48. Rd2 Re5 49. Bd5 Kg8 50. Rd3 Qf6 51. Qc4 Re7 52. Rb3 Qe5 53. Rb6
Ra7 54. Rc6 h5 55. Rc8 Qe7 56. Qb3 h4 57. Qb8 Rd7 58. c4 hxg3 59. hxg3 Rd6 60.
Re8 1-0

[Event "NCL978 Wood Green-Invicta Kts"]
[Site "Rd5"]
[Date "1998.01.24"]
[Round "5.1"]
[White "Emms, John"]
[Black "Sadler, Matthew"]
[Result "1/2-1/2"]
[WhiteElo "2560"]
[BlackElo "2650"]
[PlyCount "119"]
[EventDate "1998.01.24"]
[Source "4NCL"]
[SourceDate "1998.01.01"]

1. e4 Nc6 2. Nf3 e5 3. Nc3 Nf6 4. d4 exd4 5. Nxd4 Bb4 6. Nxc6 bxc6 7. Bd3 O-O
8. O-O d5 9. exd5 cxd5 10. Bg5 c6 11. Na4 Qd6 12. c3 Ng4 13. g3 Ba5 14. Re1 Bd8
15. Bf4 Qf6 16. Qe2 g5 17. Bd2 Bf5 18. Bxf5 Qxf5 19. f3 Nf6 20. Qe5 Qxe5 21.
Rxe5 Nd7 22. Re2 Bf6 23. Kf2 Kg7 24. Be3 Rfb8 25. Rd1 Nb6 26. Nxb6 axb6 27. a3
Ra4 28. Bd4 h6 29. h3 Kg6 30. g4 b5 31. Bxf6 Kxf6 32. Rde1 d4 33. cxd4 Rxd4 34.
Rc1 Rb6 35. Rc5 Rd7 36. Rec2 Ke7 37. Rxc6 Rxc6 38. Rxc6 Rd2+ 39. Kg3 Rxb2 40.
Rxh6 Ra2 41. Ra6 f6 42. Ra5 Kf7 43. h4 gxh4+ 44. Kxh4 Rh2+ 45. Kg3 Rb2 46. Kf4
Kg6 47. Ra6 Rc2 48. Ke4 b4 49. axb4 Rc4+ 50. Ke3 Rxb4 51. Kf2 Rb2+ 52. Kg3 Rb3
53. Ra5 Rc3 54. Rf5 Ra3 55. Rd5 Rb3 56. Kf4 Ra3 57. Ke4 Ra4+ 58. Rd4 Rxd4+ 59.
Kxd4 f5 60. gxf5+ 1/2-1/2

[Event "NCL978 Wood Green-Invicta Kts"]
[Site "Rd5"]
[Date "1998.01.24"]
[Round "5.2"]
[White "Nunn, John"]
[Black "Ward, Chris"]
[Result "1-0"]
[WhiteElo "2610"]
[BlackElo "2480"]
[PlyCount "77"]
[EventDate "1998.01.24"]
[Source "4NCL"]
[SourceDate "1998.01.01"]

1. e4 c5 2. Nf3 d6 3. d4 cxd4 4. Nxd4 Nf6 5. Nc3 g6 6. Be3 Bg7 7. f3 Nc6 8. Qd2
O-O 9. Bc4 Bd7 10. O-O-O Qa5 11. h4 Ne5 12. Bb3 Rfc8 13. g4 b5 14. h5 Nc4 15.
Bxc4 bxc4 16. Bh6 Bh8 17. Nf5 Re8 18. Qg5 Qb6 19. hxg6 fxg6 20. Bg7 Bxg7 21.
Nxg7 Reb8 22. Nh5 Nxh5 23. gxh5 Be8 24. b3 cxb3 25. axb3 Qc5 26. Nd5 Rb7 27.
Nxe7+ Rxe7 28. Qxe7 Rc8 29. Rh2 gxh5 30. Rg2+ Bg6 31. Rxd6 Qe3+ 32. Rgd2 Rf8
33. Rd8 Rxd8 34. Qxd8+ Kg7 35. Qd4+ Qxd4 36. Rxd4 h4 37. Kd2 h3 38. Ke3 Kh6 39.
Kf4 1-0

[Event "NCL978 Wood Green-Invicta Kts"]
[Site "Rd5"]
[Date "1998.01.24"]
[Round "5.4"]
[White "McDonald, Neil"]
[Black "Levitt, Jon"]
[Result "1/2-1/2"]
[WhiteElo "2485"]
[BlackElo "2425"]
[PlyCount "32"]
[EventDate "1998.01.24"]
[Source "4NCL"]
[SourceDate "1998.01.01"]

1. e4 e6 2. d4 d5 3. Nc3 Bb4 4. exd5 exd5 5. Bd3 Nc6 6. a3 Be7 7. Nce2 Nf6 8.
c3 O-O 9. Ng3 Re8 10. N1e2 Bg4 11. f3 Bh5 12. O-O Bg6 13. Bb5 a6 14. Bxc6 bxc6
15. b4 a5 16. Bf4 Nd7 1/2-1/2

[Event "NCL978 Wood Green-Invicta Kts"]
[Site "Rd5"]
[Date "1998.01.24"]
[Round "5.5"]
[White "Littlewood, Paul"]
[Black "Flear, Glenn"]
[Result "0-1"]
[WhiteElo "2435"]
[BlackElo "2445"]
[PlyCount "118"]
[EventDate "1998.01.24"]
[Source "4NCL"]
[SourceDate "1998.01.01"]

1. e4 e5 2. Nf3 Nc6 3. Bb5 a6 4. Ba4 Nf6 5. d3 d6 6. c3 g6 7. Nbd2 Bg7 8. Nf1
O-O 9. Ng3 Re8 10. O-O Bd7 11. h3 h6 12. Be3 d5 13. Qc1 Kh7 14. Rd1 Qe7 15. b4
Nd4 16. Bxd7 Nxf3+ 17. gxf3 Qxd7 18. Kg2 a5 19. a3 axb4 20. axb4 Ra4 21. Rb1
Ra2 22. c4 Qa4 23. Rd2 d4 24. Rxa2 Qxa2 25. Bd2 Ra8 26. Rb2 Qa3 27. Qc2 Nd7 28.
Ne2 h5 29. Nc1 Qa4 30. Nb3 b6 31. b5 Qa3 32. Rb1 Qd6 33. Nc1 Qf6 34. Ne2 Bh6
35. Bxh6 Kxh6 36. Qd2+ Kh7 37. f4 Ra3 38. Rd1 Qe7 39. Nc1 Nc5 40. f3 f6 41. Kh2
Ne6 42. Ne2 exf4 43. Qb2 Qc5 44. Nc1 Rc3 45. Ne2 Qa3 46. Qxa3 Rxa3 47. Kg2 g5
48. Rd2 Kg6 49. Kf2 Kf7 50. Nc1 Ke7 51. Ke2 Kd6 52. Rb2 Nc5 53. Ra2 Ra5 54. Rc2
Ra1 55. Kd2 Ke5 56. Ke2 f5 57. exf5 Kxf5 58. Na2 Rh1 59. Nb4 Rxh3 0-1

[Event "NCL978 Wood Green-Invicta Kts"]
[Site "Rd5"]
[Date "1998.01.24"]
[Round "5.6"]
[White "Dickenson, Neil"]
[Black "Poulton, James"]
[Result "1/2-1/2"]
[WhiteElo "2320"]
[BlackElo "2365"]
[PlyCount "136"]
[EventDate "1998.01.24"]
[Source "4NCL"]
[SourceDate "1998.01.01"]

1. d4 Nf6 2. c4 c5 3. d5 b5 4. cxb5 a6 5. bxa6 g6 6. Nc3 Bxa6 7. e4 Bxf1 8.
Kxf1 d6 9. g3 Bg7 10. Kg2 O-O 11. Nf3 Nbd7 12. h3 Ra7 13. Re1 Qa8 14. Re2 Rb8
15. Rb1 Ng4 16. hxg4 Bxc3 17. Bg5 Bf6 18. a3 Rab7 19. Bxf6 Nxf6 20. g5 Nd7 21.
Rc2 Qa4 22. Qe2 Rb3 23. e5 Qg4 24. Re1 Qf5 25. e6 Nb6 26. Nd2 Qxd5+ 27. Kg1 Rd3
28. exf7+ Kg7 29. Qxe7 Qxf7 30. Qxf7+ Kxf7 31. b4 Rc8 32. bxc5 dxc5 33. Rec1
Rxa3 34. Rxc5 Raa8 35. Rc7+ Kg8 36. Ne4 Rxc7 37. Nf6+ Kf7 38. Rxc7+ Kf8 39.
Nxh7+ Kg8 40. Nf6+ Kf8 41. Rc6 Nc8 42. Nd7+ Kg7 43. Ne5 Ne7 44. Rf6 Ra7 45. Kg2
Rc7 46. Rd6 Rc5 47. f4 Rc2+ 48. Kf3 Rc3+ 49. Rd3 Rc7 50. Rd7 Rc3+ 51. Ke4 Kf8
52. g4 Ra3 53. Rd4 Ra1 54. Nd3 Rg1 55. Rd8+ Kg7 56. Rd7 Kf7 57. Ke5 Rg3 58. Nc5
Rg1 59. Ne4 Ra1 60. Nd6+ Kf8 61. f5 Re1+ 62. Ne4 Nc6+ 63. Kf4 gxf5 64. Kxf5
Rf1+ 65. Ke6 Re1 66. Rf7+ Kg8 67. Rf4 Kg7 68. Kd6 Nd8 1/2-1/2

[Event "NCL978 Wood Green-Invicta Kts"]
[Site "Rd5"]
[Date "1998.01.24"]
[Round "5.7"]
[White "Law, Andrew"]
[Black "Berend, Fred"]
[Result "1-0"]
[WhiteElo "2325"]
[BlackElo "2350"]
[PlyCount "91"]
[EventDate "1998.01.24"]
[Source "4NCL"]
[SourceDate "1998.01.01"]

1. d4 Nf6 2. c4 e6 3. Nc3 Bb4 4. Bg5 c5 5. d5 h6 6. Bh4 d6 7. e3 Qe7 8. Nf3 e5
9. Qc2 Nbd7 10. Nd2 e4 11. O-O-O Bxc3 12. Qxc3 O-O 13. f4 exf3 14. gxf3 Re8 15.
Bf2 Ne5 16. Rg1 a6 17. Be2 b5 18. Rg2 Bh3 19. Rg3 Bf5 20. Rdg1 Nh5 21. R3g2 b4
22. Qb3 Ng6 23. Bd3 Qf6 24. Ne4 Bxe4 25. Bxe4 Ne5 26. f4 Nd7 27. Bf3 Nxf4 28.
Rxg7+ Kf8 29. Rg8+ Ke7 30. Rxe8+ Rxe8 31. exf4 Qxf4+ 32. Qe3+ Qxe3+ 33. Bxe3
Ne5 34. Be2 Rh8 35. Bf4 Ng6 36. Bg3 h5 37. h3 h4 38. Bh2 Rh6 39. Bd3 Ne5 40.
Bxe5 dxe5 41. Kd2 Rh5 42. Ke3 f5 43. Rg6 Kf7 44. Re6 e4 45. Be2 Rg5 46. Kf4 1-0

[Event "NCL978 Wood Green-Invicta Kts"]
[Site "Rd5"]
[Date "1998.01.24"]
[Round "5.8"]
[White "Sakhatova Berend, Elvira"]
[Black "Sowray, Peter"]
[Result "0-1"]
[WhiteElo "2345"]
[BlackElo "2350"]
[PlyCount "76"]
[EventDate "1998.01.24"]
[Source "4NCL"]
[SourceDate "1998.01.01"]

1. e4 c5 2. Nf3 d6 3. c3 Nf6 4. Be2 Nbd7 5. d3 g6 6. O-O Bg7 7. Nbd2 O-O 8. d4
e5 9. dxe5 Nxe5 10. Nxe5 dxe5 11. Qc2 Bd7 12. a4 Bc6 13. Re1 Bh6 14. Bf3 Qe7
15. Nc4 Bxc1 16. Qxc1 Rfe8 17. g3 Rad8 18. Bg2 Kg7 19. Qc2 b6 20. Rad1 Qe6 21.
Rxd8 Rxd8 22. Bf1 h5 23. b3 h4 24. f3 hxg3 25. hxg3 Nh7 26. Rd1 Rxd1 27. Qxd1
Ng5 28. Qd3 f5 29. Bg2 Nf7 30. exf5 gxf5 31. Ne3 f4 32. Nf5+ Kf6 33. Nh4 fxg3
34. c4 Kg5 35. Qh7 Nh6 36. Bh3 Qd6 37. Nf5 Qd1+ 38. Bf1 Nxf5 0-1

[Event "NCL978 Northumbria-Barbican"]
[Site "Rd5"]
[Date "1998.01.24"]
[Round "5.1"]
[White "Pert, Nicholas"]
[Black "Lehtivaara, Petri"]
[Result "1-0"]
[WhiteElo "2325"]
[BlackElo "2370"]
[PlyCount "91"]
[EventDate "1998.01.24"]
[Source "4NCL"]
[SourceDate "1998.01.01"]

1. d4 e6 2. Nf3 Nf6 3. g3 b6 4. Bg2 Bb7 5. c4 Bb4+ 6. Bd2 Bxd2+ 7. Nbxd2 d6 8.
O-O Nbd7 9. Qc2 O-O 10. e4 e5 11. d5 g6 12. b4 Nh5 13. Nh4 Ng7 14. Bh3 Bc8 15.
Rab1 Nf6 16. Bxc8 Rxc8 17. Ng2 Nd7 18. Rbe1 c6 19. dxc6 Rxc6 20. Qd3 Ne6 21. f4
Nd4 22. Nf3 Nxf3+ 23. Rxf3 exf4 24. gxf4 Re8 25. Qd4 Qf6 26. Rd3 Qxd4+ 27. Rxd4
Nf6 28. Kf2 a6 29. Kf3 b5 30. e5 dxe5 31. fxe5 Nh5 32. c5 f6 33. Rd6 Re6 34.
Rxc6 Rxc6 35. Ke4 fxe5 36. Kxe5 Kf7 37. Kd5 Rc8 38. c6 Nf6+ 39. Kc5 Ne8 40. Nf4
Nc7 41. Kb6 g5 42. Kb7 Re8 43. Rf1 Na8 44. Nd5+ Kg6 45. Rf2 h5 46. Nb6 1-0

[Event "NCL978 Northumbria-Barbican"]
[Site "Rd5"]
[Date "1998.01.24"]
[Round "5.2"]
[White "Crouch, Colin"]
[Black "Richardson, John"]
[Result "1-0"]
[WhiteElo "2410"]
[BlackElo "2315"]
[PlyCount "81"]
[EventDate "1998.01.24"]
[Source "4NCL"]
[SourceDate "1998.01.01"]

1. d4 Nf6 2. c4 e6 3. Nf3 d5 4. Nc3 Bb4 5. Bg5 h6 6. Bxf6 Qxf6 7. e3 O-O 8. Rc1
c6 9. Qb3 Bxc3+ 10. Qxc3 Nd7 11. Be2 dxc4 12. Bxc4 Re8 13. Ne5 c5 14. Bb5 cxd4
15. Qxd4 Nxe5 16. Bxe8 b6 17. f4 Qh4+ 18. g3 Nf3+ 19. Kf2 Qe7 20. Kxf3 Qxe8 21.
Rhd1 Bb7+ 22. Kf2 Qb5 23. e4 Qh5 24. Kg1 Rf8 25. Re1 Ba8 26. b4 Qg4 27. Qd7 g5
28. Rc8 gxf4 29. Rxf8+ Kxf8 30. Qd6+ Kg7 31. Qxf4 Qg6 32. Qb8 Bc6 33. b5 Bd7
34. Qxa7 Bxb5 35. Qxb6 Qg5 36. Qd4+ Kg6 37. Kf2 h5 38. h4 Qe7 39. Rb1 Bc6 40.
Rb6 Ba8 41. Rb8 1-0

[Event "NCL978 Northumbria-Barbican"]
[Site "Rd5"]
[Date "1998.01.24"]
[Round "5.4"]
[White "Duncan, Chris"]
[Black "Ledger, David"]
[Result "0-1"]
[WhiteElo "2290"]
[BlackElo "2255"]
[PlyCount "80"]
[EventDate "1998.01.24"]
[Source "4NCL"]
[SourceDate "1998.01.01"]

1. c4 e5 2. Nc3 Nc6 3. g3 g6 4. Bg2 Bg7 5. Rb1 d6 6. b4 Nf6 7. d3 O-O 8. Nf3
Nh5 9. O-O f5 10. b5 Ne7 11. d4 e4 12. Ng5 h6 13. Nh3 g5 14. f3 exf3 15. exf3
f4 16. g4 Nf6 17. Nf2 Ng6 18. Re1 Re8 19. Rxe8+ Qxe8 20. Qd3 Nh4 21. Bd2 Qg6
22. Qxg6 Nxg6 23. Nd3 Be6 24. Rb4 Nd7 25. Ne2 Nb6 26. d5 Bf7 27. Bc3 a5 28.
bxa6 Rxa6 29. Bxg7 Kxg7 30. Nec1 Ra3 31. Rb3 Ra4 32. c5 dxc5 33. Nxc5 Rc4 34.
N1d3 Bxd5 35. Rb2 Rc3 36. Bf1 Nh4 37. Be2 Nc4 38. Rb5 Nxf3+ 39. Kf2 Nd4 40. Rb4
Rc2 0-1

[Event "NCL978 Northumbria-Barbican"]
[Site "Rd5"]
[Date "1998.01.24"]
[Round "5.5"]
[White "Ledger, Stephen"]
[Black "Bowden, Karl"]
[Result "1-0"]
[WhiteElo "2225"]
[BlackElo "2355"]
[PlyCount "95"]
[EventDate "1998.01.24"]
[Source "4NCL"]
[SourceDate "1998.01.01"]

1. d4 g6 2. Nf3 Bg7 3. Bf4 d6 4. e3 Nf6 5. h3 O-O 6. Be2 Ne4 7. Nbd2 Nxd2 8.
Qxd2 Nc6 9. O-O e5 10. Bg3 e4 11. Ne1 Bf5 12. c4 h5 13. Nc2 Qe7 14. b4 Nd8 15.
Rac1 h4 16. Bh2 Ne6 17. d5 Ng5 18. Nd4 Bc8 19. c5 Be5 20. Bxe5 dxe5 21. Nb5
Bxh3 22. gxh3 Qd7 23. Qd1 Nxh3+ 24. Kg2 Ng5 25. Rh1 h3+ 26. Kg1 Rad8 27. c6
bxc6 28. Rxc6 Qf5 29. Nxc7 Nf3+ 30. Bxf3 exf3 31. Kh2 Kg7 32. Rg1 g5 33. Rg3 g4
34. Rc4 e4 35. Qd4+ Kg6 36. Qxe4 Qxe4 37. Rxe4 f5 38. Rd4 Rf6 39. Ne6 Rd6 40.
Nf4+ Kf7 41. a4 Rh6 42. Rc4 Rd7 43. e4 Kf6 44. Rc6+ Kg5 45. Rxh6 Kxh6 46. e5
Rb7 47. e6 Kg7 48. d6 1-0

[Event "NCL978 Northumbria-Barbican"]
[Site "Rd5"]
[Date "1998.01.24"]
[Round "5.6"]
[White "Kenworthy, Gary"]
[Black "Dighton, Simon"]
[Result "0-1"]
[WhiteElo "2265"]
[BlackElo "2128"]
[PlyCount "102"]
[EventDate "1998.01.24"]
[Source "4NCL"]
[SourceDate "1998.01.01"]

1. e4 e6 2. Nc3 d5 3. Nf3 Nf6 4. e5 Nfd7 5. d4 c5 6. Be3 Nc6 7. Be2 cxd4 8.
Bxd4 f6 9. exf6 Nxf6 10. O-O Bd6 11. Bb5 O-O 12. Bxc6 bxc6 13. Re1 c5 14. Be5
d4 15. Na4 Ng4 16. Bg3 Bxg3 17. hxg3 Qd5 18. c4 Qh5 19. Re4 Bb7 20. Nxc5 Bxe4
21. Nxe4 Rad8 22. Neg5 e5 23. Nh3 Qf5 24. Qd2 Nf6 25. Re1 Rfe8 26. b4 e4 27.
Nxd4 Qe5 28. Rd1 e3 29. Qxe3 Qxe3 30. fxe3 Rxe3 31. Nf2 Ne4 32. Nc2 Rxd1+ 33.
Nxd1 Rd3 34. Nde3 Nxg3 35. Kf2 Ne4+ 36. Ke2 Rd8 37. Nd5 Kf7 38. Nce3 Nf6 39.
Nc7 Rd7 40. Nb5 Ke6 41. c5 a6 42. Nd6 Nd5 43. a3 {(Draw offer)} Nxe3 44. Kxe3
Kd5 45. Kf4 Rd8 46. g4 Rf8+ 47. Kg5 Rf3 48. Nf5 g6 49. Ne7+ Ke6 50. Ng8 Kf7 51.
Nh6+ Kg7 0-1

[Event "NCL978 Northumbria-Barbican"]
[Site "Rd5"]
[Date "1998.01.24"]
[Round "5.8"]
[White "Lauterbach, Ingrid"]
[Black "Ford, Elise"]
[Result "1-0"]
[WhiteElo "2160"]
[BlackElo "1704"]
[PlyCount "89"]
[EventDate "1998.01.24"]
[Source "4NCL"]
[SourceDate "1998.01.01"]

1. e4 e5 2. Nc3 Nf6 3. g3 Bc5 4. Bg2 Nc6 5. d3 d6 6. Na4 Nd7 7. c3 Qf6 8. Nxc5
Nxc5 9. Be3 Qg6 10. Ne2 f5 11. b4 Nd7 12. exf5 Qxf5 13. O-O O-O 14. f4 Qe6 15.
Qb3 Qxb3 16. axb3 exf4 17. Nxf4 Nb6 18. Bxb6 cxb6 19. Bd5+ Kh8 20. Ng6+ hxg6
21. Rxf8+ Kh7 22. Re1 Ne5 23. d4 Nd7 24. Rd8 Nf6 25. Bg2 a5 26. b5 g5 27. Rxd6
Bf5 28. Re7 Kg6 29. Rxb6 a4 30. bxa4 Rxa4 31. Re1 Rc4 32. Rc1 Bc8 33. Rd6 Kh5
34. Bf1 Rc7 35. Be2+ g4 36. Bd3 Re7 37. Kf2 Kg5 38. Re1 Rf7 39. Re5+ Kh6 40.
Ke2 g6 41. b6 Bd7 42. c4 Rf8 43. Re7 Bc8 44. c5 Rg8 45. Rxf6 1-0

[Event "NCL978 Guildford-Richmond"]
[Site "Rd5"]
[Date "1998.01.24"]
[Round "5.2"]
[White "Bates, Richard"]
[Black "Povah, Nigel"]
[Result "1/2-1/2"]
[WhiteElo "2430"]
[BlackElo "2335"]
[PlyCount "69"]
[EventDate "1998.01.24"]
[Source "4NCL"]
[SourceDate "1998.01.01"]

1. d4 Nf6 2. Nf3 e6 3. c4 c5 4. d5 exd5 5. cxd5 d6 6. e4 a6 7. Bd3 Bg4 8. Nbd2
g6 9. O-O Bg7 10. a4 Nbd7 11. Nc4 Nb6 12. h3 Bxf3 13. Qxf3 Nxc4 14. Bxc4 Nd7
15. Bd2 O-O 16. Bc3 Ne5 17. Qe2 f5 18. f4 Nxc4 19. Qxc4 fxe4 20. Qxe4 Qd7 21.
Bxg7 Kxg7 22. b4 b6 23. a5 b5 24. bxc5 dxc5 25. Qe3 c4 26. Qd4+ Rf6 27. Kh1 Rd8
28. Rae1 Re8 29. g4 Kf7 30. Rxe8 Qxe8 31. g5 Rf5 32. d6 Qc6+ 33. Kh2 Rd5 34.
Qf6+ Kg8 35. Qd8+ 1/2-1/2

[Event "NCL978 Guildford-Richmond"]
[Site "Rd5"]
[Date "1998.01.24"]
[Round "5.3"]
[White "Webb, Richard"]
[Black "Williams, Simon"]
[Result "1-0"]
[WhiteElo "2315"]
[BlackElo "2315"]
[PlyCount "87"]
[EventDate "1998.01.24"]
[Source "4NCL"]
[SourceDate "1998.01.01"]

1. e4 e6 2. d3 c5 3. Nf3 Nc6 4. g3 g6 5. Bg2 Bg7 6. O-O Nge7 7. c3 e5 8. Na3
O-O 9. Be3 d6 10. Nh4 h6 11. f4 exf4 12. gxf4 f5 13. Qe1 Kh7 14. Qg3 Be6 15.
Kh1 Qe8 16. Rg1 Qf7 17. Bf3 d5 18. Nb5 Rad8 19. exd5 Nxd5 20. Bxc5 Nxf4 21.
Bxf8 Rxf8 22. Qxf4 g5 23. Qc7 Bd7 24. Nd6 Qe6 25. Rae1 Be5 26. Bxc6 Rf7 27. Bf3
Bxd6 28. Rxe6 Bxc7 29. Re2 gxh4 30. Bd5 h3 31. Rge1 Rg7 32. Re7 Bd6 33. Rxg7+
Kxg7 34. Bxb7 f4 35. Bf3 h5 36. d4 Bg4 37. Rf1 Kg6 38. Kg1 Kf5 39. Kf2 Be7 40.
Ke2 Bh4 41. d5 Kg5 42. d6 Be6 43. Rg1+ Kf5 44. b3 1-0

[Event "NCL978 Guildford-Richmond"]
[Site "Rd5"]
[Date "1998.01.24"]
[Round "5.4"]
[White "Wall, Gavin"]
[Black "Kennaugh, Charles"]
[Result "1-0"]
[WhiteElo "2320"]
[BlackElo "2295"]
[PlyCount "131"]
[EventDate "1998.01.24"]
[Source "4NCL"]
[SourceDate "1998.01.01"]

1. e4 e5 2. Nf3 Nc6 3. d4 exd4 4. Nxd4 Bb4+ 5. c3 Bc5 6. Be3 Bb6 7. Nd2 Nf6 8.
Nxc6 bxc6 9. Bg5 h6 10. Bh4 d6 11. Qf3 g5 12. Bg3 g4 13. Qd3 Nh5 14. Nc4 Qf6
15. a4 Ba6 16. Qd2 Bxc4 17. Bxc4 a5 18. O-O-O O-O-O 19. Rhf1 Rde8 20. Rde1 Re7
21. f4 Nxg3 22. hxg3 Rhe8 23. Bd3 Qe6 24. Kb1 Qb3 25. Rh1 Qxa4 26. Rxh6 f5 27.
e5 dxe5 28. Bxf5+ Kb8 29. Bg6 Rf8 30. Bc2 Qb5 31. Rh5 Rfe8 32. Bg6 Rg8 33.
Rhxe5 Rxe5 34. Rxe5 Qf1+ 35. Re1 Qf2 36. Qxf2 Bxf2 37. Rf1 Bxg3 38. Bh5 Bh4 39.
f5 Bf6 40. Kc2 g3 41. Re1 Bg5 42. Bf3 Rf8 43. Re5 Rf6 44. Rxa5 Kc8 45. Be4 Kd7
46. Ra8 Bf4 47. Rg8 Be5 48. Rg7+ Kd6 49. Rh7 Rf8 50. Kd3 Rh8 51. Rf7 Rh1 52.
Ke2 Rh4 53. Bf3 Rh6 54. Bg4 Rh4 55. Bf3 Rh6 56. Be4 Rh4 57. Ke3 Rh1 58. Rf8 {
# Diagram} Re1+ 59. Kd3 Rb1 60. Re8 Bf4 61. f6 Rd1+ 62. Kc4 Rf1 63. f7 Bh6 64.
Bf3 Rxf3 65. gxf3 g2 66. Rg8 1-0

[Event "NCL978 Guildford-Richmond"]
[Site "Rd5"]
[Date "1998.01.24"]
[Round "5.5"]
[White "Anderton, Matthew"]
[Black "Phillips, Roy"]
[Result "1/2-1/2"]
[WhiteElo "2260"]
[BlackElo "2230"]
[PlyCount "53"]
[EventDate "1998.01.24"]
[Source "4NCL"]
[SourceDate "1998.01.01"]

1. e4 c5 2. c3 g6 3. d4 cxd4 4. cxd4 d5 5. exd5 Nf6 6. Nc3 Nxd5 7. Bc4 Nb6 8.
Bb3 Bg7 9. Be3 Nc6 10. d5 Ne5 11. Nge2 O-O 12. O-O Nec4 13. Nd4 Bd7 14. Qe2 Rc8
15. Rad1 Nxe3 16. fxe3 a6 17. Ne6 fxe6 18. dxe6 Bb5 19. Rxd8 Bxe2 20. Rfxf8+
Bxf8 21. Rxc8 Nxc8 22. Nxe2 Bg7 23. Bd5 Nd6 24. b3 b6 25. e4 Nb5 26. a4 Nc3 27.
Kf2 1/2-1/2